エクスポート完了 — 

Hàn Mặc Tử thi sĩ đồng trinh

保存先:
書誌詳細
第一著者: Nguyễn Thụy Kha
フォーマット: 図書
言語:Undetermined
出版事項: Đà Nẵng Nxb. Đà Nẵng 1993
主題:
タグ: タグ追加
タグなし, このレコードへの初めてのタグを付けませんか!
Thư viện lưu trữ: Trung tâm Học liệu Trường Đại học Cần Thơ
LEADER 00565nam a2200181Ia 4500
001 CTU_8792
008 210402s9999 xx 000 0 und d
082 |a 801.951 
082 |b Kh100h 
100 |a Nguyễn Thụy Kha 
245 0 |a Hàn Mặc Tử thi sĩ đồng trinh 
245 0 |c Nguyễn Thụy Kha 
260 |a Đà Nẵng 
260 |b Nxb. Đà Nẵng 
260 |c 1993 
650 |a vietnamese poetry - history and criticism 
904 |i Nguyễn Quang Điền, 960920 
980 |a Trung tâm Học liệu Trường Đại học Cần Thơ